Municipal and rural sanitation (Record no. 12109)

000 -LEADER
fixed length control field 00625nam a22002171 4500
001 - CONTROL NUMBER
control field 12109
003 - CONTROL NUMBER IDENTIFIER
control field BD-DhUET
008 - FIXED-LENGTH DATA ELEMENTS--GENERAL INFORMATION
fixed length control field 720914s1965 nyua b 000 0 eng
040 ## - CATALOGING SOURCE
Original cataloging agency DLC
Transcribing agency DLC
Modifying agency BD-DhUET
082 ## - DEWEY DECIMAL CLASSIFICATION NUMBER
Classification number 628
Item number EHL/1965
100 ## - MAIN ENTRY--PERSONAL NAME
Personal name Ehlers, Victor M.
245 10 - TITLE STATEMENT
Title Municipal and rural sanitation
250 ## - EDITION STATEMENT
Edition statement 6th ed.
260 ## - PUBLICATION, DISTRIBUTION, ETC. (IMPRINT)
Place of publication, distribution, etc. New Delhi
Name of publisher, distributor, etc. Tata McGraw-Hill
Date of publication, distribution, etc. 1965
300 ## - PHYSICAL DESCRIPTION
Extent xiv, 663 p.
Other physical details ill.
Dimensions 24 cm.
490 0# - SERIES STATEMENT
Series statement McGraw-Hill series in sanitary science and water resources engineering
504 ## - BIBLIOGRAPHY, ETC. NOTE
Bibliography, etc Includes bibliographies
650 #0 - SUBJECT ADDED ENTRY--TOPICAL TERM
Topical term or geographic name as entry element Sanitary engineering
700 ## - ADDED ENTRY--PERSONAL NAME
Personal name Steel, Ernest W.
942 ## - ADDED ENTRY ELEMENTS (KOHA)
Koha item type General Book
Holdings
Koha normalized classification for sorting Koha item type Koha full call number Location (home branch) Shelving location Damaged status Lost status Koha date last seen Copy number Sublocation or collection (holding branch) Withdrawn status Piece designation (barcode) Not for loan Price effective from Source of classification or shelving scheme Date acquired
628_000000000000000_EHL_1965General Book628/EHL/1965Central Library, BUETCirculation section  2015-02-231Central Library, BUET 54823 2015-02-23 2015-02-23
628_000000000000000_EHL_1965General Book628/EHL/1965Central Library, BUETCirculation section  2015-05-062Central Library, BUET 57340 2015-05-06 2015-05-06
628_000000000000000_EHL_1965General Book628/EHL/1965Central Library, BUETCirculation section  2015-05-063Central Library, BUET 57341 2015-05-06 2015-05-06
628_000000000000000_EHL_1958General Book628/EHL/1958Central Library, BUETCirculation section  2015-05-074Central Library, BUET 42726 2015-05-07 2015-05-07
628_000000000000000_EHL_1965General Book628/EHL/1965Central Library, BUETCirculation section  2015-05-075Central Library, BUET 19515 2015-05-07 2015-05-07
628_000000000000000_EHL_1965General Book628/EHL/1965Central Library, BUETCirculation section  2015-05-076Central Library, BUET 20785 2015-05-07 2015-05-07
628_000000000000000_EHL_1965General Book628/EHL/1965Central Library, BUETCirculation section  2015-05-077Central Library, BUET 19514 2015-05-07 2015-05-07
628_000000000000000_EHL_1965General Book628/EHL/1965Central Library, BUETCirculation section  2015-05-078Central Library, BUET 25851 2015-05-07 2015-05-07
628_000000000000000_EHL_1965General Book628/EHL/1965Central Library, BUETCirculation section  2015-05-079Central Library, BUET 20784 2015-05-07 2015-05-07